000 01490cam a2200301 i 4500
003 SA-RiAUC
005 20241207101851.0
008 241205s1986 su g 00000 ara c
040 _aSA-JeALM
_bara
_cSA-RiAUC
_erda
082 0 4 _a258.3
090 _a258.3
_bز ك ر
100 1 _aزكريا الأنصاري، زكريا بن محمد بن أحمد،
_d823-926 هجري
_eمؤلف.
245 1 0 _aشرح عماد الرضا ببيان آداب القضاء لخاتمة المحققين أبي يحيى زكريا بن محمد الأنصاري /
_cعبد الرؤوف بن زين الدين المناوي القاهري ؛ حققه وعلق حواشيه عبد الرحمن عبد الله عوض بكير.
250 _aالطبعة الاولى :
264 1 _aجدة :
_bالدار السعودية،
_c1986
300 _a2 مجلد ؛
_c24 سم.
336 _aنص
_btxt
_2rdacontent
_3كتاب
337 _aبدون وسيط
_bn
_2rdamedia
338 _aمجلد
_bnc
_2rdacarrier
440 0 _aمن التراث الفقهي الإسلامي
650 7 _aالفقه الشافعي
_2aucsh
650 7 _aالفقه السني
_2aucsh
700 _aبكير، عبدالرحمن عبدالله عوض
_eمحقق.
700 _aالمناوي، محمد عبد الرؤوف بن تاج العارفين بن علي،
_d952-1031 هجري
740 0 2 _aعماد الرضا ببيان آداب القضاء.
942 _2ddc
_cBOOK
_n0
949 _aSA-JeALM
_d241205
_uosman123
_n1
999 _c3080
_d3080